ბათუმის შოთა რუსთაველის სახელმწიფო უნივერსიტეტის ბიბლიოთეკა

Общетехнический справочник. (ბიბ.ჩანაწერი № 37295)

000 -LEADER
fixed length control field 00645nam a2200205Ia 4500
001 - CONTROL NUMBER
control field 3254
003 - CONTROL NUMBER IDENTIFIER
control field GE_BSU
008 - FIXED-LENGTH DATA ELEMENTS--GENERAL INFORMATION
fixed length control field 181216s||||||||xx |||||||||||||| ||und||
040 ## - CATALOGING SOURCE
Transcribing agency GE_BSU
080 ## - UNIVERSAL DECIMAL CLASSIFICATION NUMBER
Universal Decimal Classification number 62(035)
100 ## - MAIN ENTRY--PERSONAL NAME
Personal name Анисимов,Е.В. Законников,В.П. Никифорова-Денисова,С.Н. и др.
245 ## - TITLE STATEMENT
Title Общетехнический справочник.
245 ## - TITLE STATEMENT
Statement of responsibility, etc. Под.ред. А.Н.Малова.
260 ## - PUBLICATION, DISTRIBUTION, ETC.
Place of publication, distribution, etc. М.
260 ## - PUBLICATION, DISTRIBUTION, ETC.
Name of publisher, distributor, etc. Машиностроение.
260 ## - PUBLICATION, DISTRIBUTION, ETC.
Date of publication, distribution, etc. 1971.
300 ## - PHYSICAL DESCRIPTION
Extent 464 стр. 21 см.
653 ## - INDEX TERM--UNCONTROLLED
Uncontrolled term Общетехнический справочник
942 ## - ADDED ENTRY ELEMENTS (KOHA)
Koha item type წიგნი
ეგზემპლარები
Withdrawn status Lost status Damaged status Not for loan Date acquired Barcode Date last seen Price effective from Koha item type Public note
        2018-12-17 9816 2018-12-17 2018-12-17 წიგნი დარბაზი
        2018-12-17 9815 2018-12-17 2018-12-17 წიგნი დარბაზი